000
00287nam a22001097a 4500
020
_a
978-1-63989-553-3
040
_a
dlc
_c
dlc
_d
dlc
_e
dlc
082
_2
62904
_b
CUS
245
_a
Urban Transport Systems and Technology by Julian Custer
260
_a
States Academic Press
942
_2
ddc
_c
BK
999
_c
613646
_d
613646